Our economic environment. an introduction to the Australian economy / Part 1 :

Saved in:
Bibliographic Details
Main Author: Gallagher, R. E.
Other Authors: Burkhardt, G. A. (Geoffrey Alfred)
Format: Book
Language:English
Published: Sydney : Angus and Robertson, 1970.
Edition:Rev. and enl. ed.
Subjects:
LEADER 01144nam a2200313 a 4500
001 c000158178
003 CARM
005 20021119143054.0
008 880223s1970 xnaa b 001 0 eng d
019 1 |a 5703367  |5 LACONCORD2021 
020 |a 0207951772 
035 |a (OCoLC)220329346  |5 LACONCORD2021 
040 |a SUSA  |b eng  |c SUSA  |d XNTU 
042 |a anuc 
043 |a u-at--- 
082 0 4 |a 330/.9/94  |2 19 
100 1 |a Gallagher, R. E. 
245 1 0 |a Our economic environment.  |n Part 1 :  |b an introduction to the Australian economy /  |c R.E. Gallagher, G.A. Burkhardt. 
250 |a Rev. and enl. ed. 
260 |a Sydney :  |b Angus and Robertson,  |c 1970. 
300 |a 339 p. :  |b ill. ;  |c 22 cm. 
500 |a Includes index. 
504 |a Bibliography: p. [333] 
650 0 |a Economics. 
610 1 0 |a Australia  |x Economic conditions  |y 20th century. 
700 1 |a Burkhardt, G. A.  |q (Geoffrey Alfred) 
852 8 |b CARM  |h AX:AXXXXX  |i X00000  |p 0219879  |z no loc  |f BK 
999 f f |i 67cff383-0dc5-504a-963c-daa18f93b3cd  |s d9658b58-c7b7-5d6c-9646-b4ba81ac5166 
952 f f |p Can circulate  |a CAVAL  |b CAVAL  |c CAVAL  |d CARM 1 Store  |e X00000  |f AX:AXXXXX  |h Other scheme  |i book  |m 0219879